Music Quiz

Random Music or Song Quiz

One-Word Song Titles by Synonym Quiz Stats

 Plays Quiz Updated Apr 13, 2012

Also try: Bands by Antonym
Challenge
Share
Tweet
Embed
Score 0/50 Timer 04:00
1 Play Today
Synonym Song % Correct
SmoochKiss
90.9%
LeapJump
90.8%
UnoOne
90.3%
CurrencyMoney
90.1%
InsaneCrazy
85.9%
WeepingCrying
85.4%
AutomobilesCars
84%
TimepiecesClocks
84%
NaughtyBad
83.9%
NearerCloser
82.8%
Plummetin'Fallin'
81.3%
UnaccompaniedAlone
79.3%
CabTaxi
77.6%
EnvisionImagine
76.6%
PonderThink
76.4%
MightierStronger
76.3%
ParasolUmbrella
76.2%
RippedTorn
74.4%
ReverenceRespect
74.3%
UndeadAlive
72.7%
TransformationsChanges
71.8%
SteerDrive
71.4%
PossiblyMaybe
69.1%
PoisonousToxic
69.1%
BattleWar
68.1%
Synonym Song % Correct
ConstantlyAlways
67.3%
WomanLady
65.3%
FashionableVogue
61.5%
ScreamShout
60.7%
FactualTrue
60.5%
BeliefFaith
58.5%
ChillRelax
56.9%
AirplaneJet
49.8%
TruthfulnessHonesty
49.2%
WeirdoCreep
49%
UprisingRevolution
45.7%
PolishedSmooth
43.9%
ProtagonistsHeroes
42.2%
PopularityFame
41.8%
CrackCocaine
41.8%
TripVacation
40.2%
SucculentJuicy
38.8%
PartyCelebration
34.9%
MeanNasty
34.2%
EnticedTempted
21%
RelinquishSurrender
19.1%
Lookin'Searchin'
16.7%
SmackHeroin
16.1%
EuphoriaRapture
11.6%
AppreciateCherish
9.5%

You're not logged in!

Compare scores with friends on all Sporcle quizzes.
Join for Free
OR
Log In

You Might Also Like...

Show Comments

Extras

Top Quizzes Today


Score Distribution

Your Account Isn't Verified!

In order to create a playlist on Sporcle, you need to verify the email address you used during registration. Go to your Sporcle Settings to finish the process.

Report this User

Report this user for behavior that violates our Community Guidelines.

Details: